Las dificultades escolares en el niño y su tratamiento
Kaydedildi:
| Yazar: | |
|---|---|
| Materyal Türü: | Kitap |
| Dil: | İspanyolca |
| Baskı/Yayın Bilgisi: |
Barcelona
Luis Miracle
1954
|
| Konular: | |
| Etiketler: |
Etiketle
Etiket eklenmemiş, İlk siz ekleyin!
|
MARC
| LEADER | 00000nam a2200000 a 4500 | ||
|---|---|---|---|
| 001 | UCQ2082 | ||
| 003 | CL-VaPUC | ||
| 008 | 980721e19540000SP |||||||||||||||||spa|d | ||
| 082 | 0 | 4 | |a 371.9 |b ROB |2 21 |
| 100 | 0 | |a Robin, Gilbert |e author |9 415969 | |
| 245 | 1 | 4 | |a Las dificultades escolares en el niño y su tratamiento |
| 300 | |a 130 p | ||
| 942 | |c BK | ||
| 945 | |d 19980721 00:00:00 |a crobeson | ||
| 260 | |a Barcelona |b Luis Miracle |c 1954 | ||
| 650 | 0 | |a Trastornos del aprendizaje |9 307969 | |
| 650 | 0 | |a Educación especial |9 307486 | |
| 650 | 0 | |a Estimulación precoz |9 307970 | |
| 650 | 0 | |a Niños de aprendizaje lento |9 307489 | |
| 650 | 7 | |a NIÑOS CON PROBLEMAS EMOCIONALES |2 CL-VaPUC |9 307971 | |
| 583 | |a last modification |c 19980721 00:00:00 |k Rodrigo Vera | ||
| 999 | |c 272924 |d 272922 | ||
| 952 | |0 0 |1 0 |4 0 |6 371_900000000000000_ROB_1954 |7 0 |8 A |9 308147 |a BIBGIM |b BIBGIM |d 2019-11-20 |i 1435833 |o 371.9 ROB 1954 |p 1435833 |r 2025-01-15 |w 2019-11-20 |y BK |k SSL | ||